Представление документа в формате RUSMARC

ПолеНазваниеЗначение
  Тип записи c
  Библиографический уровень m
001 Контрольный номер UONB/MAIN/567974dd56d24c92a3a1be5def5ba5c8
005 Дата корректировки 20251217143258.5
010 Индекс ISBN __
9 Тираж 5000 экз.
013 Номер (ISMN) __
d Цена 2 р. 20 к.
071 Издательские номер (звукозапись и ноты) 21
a Номер, присвоенный агентством 7825
100 Данные общей обработки __
a Данные общей обработки 20251217d1987 u y0rusy0189 ca
101 Язык документа 0_
a Язык текста rus
f Язык титульного листа rus
102 Страна публикации __
a Страна публикации RU
125 Кодированные данные звукозаписи и нотных изданий __
a Форма изложения нотного текста с
128 Кодированные данные (звукозаписи-физические характеристики) __
b Инструменты или голоса, необходимые для ансамблей (устаревшее) cu
a Кодированные данные: Музыкальная форма и тональность или лад sg
c Инструменты или голоса, рекомендуемые для солистов (устаревшее) vu
200 Заглавие и сведения об ответственности 1_
a Заглавие Родная сторона
e Сведения, относящиеся к заглавию песни для голоса (хора) в сопровождении фортепиано
f Первые сведения об ответственности Александр Флярковский
203 Вид содержания и тип средства __
a Вид содержания Музыка
b Характеристика содержания знаковая
c Тип средства непосредственная
210 Выходные данные 1_
a Место издания Москва
c Издательство Советский композитор
d Дата издания 1987
215 Физическое описание __
a Объем 146 с. включ. обл.
d Формат 29 см
327 Примечание о содержании 11
a Примечание о содержании Содерж.: Родная сторона ; Говорили... / сл. И. Шаферана. Играй, горнист ; Золотистые плесы ; Женские руки ; Мой старый друг / сл. В. Кожевникова. Тысяча четыреста восемнадцать дней ; Снежная замять / сл. В. Семернина. Сын и дочь / сл. Я. Смелякова. Огонь на себя! / сл. Ю. Полухина. При артобстреле / сл. В. Шумилина. Негромкая песня / сл. В. Трякина. Время героев / сл. Е. Нефедова. Сегодня мы в ответе / сл. Б. Дубровина. Мы - твои коммунисты, столица! ; Сделай выбор ; Горячие точки планеты ; Сколько зим, сколько лет! ; Живопись ; Наш первый день ; Открой окно! ; Раз, два, три, четыре, пять ; Рассвет на улице моей ; Здравствуй, товарищ Берлин! / сл. В. Татаринова. Безымянные ручьи / сл. И. Машбаша ; пер. В. Твороговой. Только три минуты / сл. М. Танича. Давайте запоём / сл. В. Дюкова. Говори мне добрые слова / сл. К. Ибряева. Наводнение / сл. Н. Олева. Старая пластинка / сл. А. Дидурова. Два письма / сл. О. Ашальчи. С Новым годом / сл. Р. Гамзатова ; пер. Я. Козловского. Стук колес ; Найрамдал / сл. П. Градова. Вступая в новый век / сл. Н. Олева
464 Аналитический уровень _0
1 036
t Рябина под окном и в синей дымке лес...
1 702 1
a Шаферан
b И.
4 520
1 2001
a Родная сторона
464 Аналитический уровень _0
1 036
t Говорили, погоди лить ты слезы эти...
1 702 1
a Шаферан
b И.
4 520
1 2001
a Говорили...
464 Аналитический уровень _0
1 036
t На тревожных дорогах военной судьбы...
1 702 1
a Кожевников
b В.
4 520
1 2001
a Играй, горнист!
464 Аналитический уровень _0
1 036
t В травах запутались зорьки...
1 702 1
a Кожевников
b В.
4 520
1 2001
a Золотистые плесы
464 Аналитический уровень _0
1 036
t Женские, натруженные руки...
1 702 1
a Кожевников
b В.
4 520
1 2001
a Женские руки
464 Аналитический уровень _0
1 036
t Мой милый цирк, мой милый цирк...
1 702 1
a Кожевников
b В.
4 520
1 2001
a Мой старый друг
464 Аналитический уровень _0
1 036
t Вы сильнее вымысла...
1 702 1
a Семернин
b В.
4 520
1 2001
a Тысяча четыреста восемнадцать дней...
464 Аналитический уровень _0
1 036
t Снег засыпает, медленный снег...
1 702 1
a Семернин
b В.
4 520
1 2001
a Снежная замять
464 Аналитический уровень _0
1 036
t Мать ждала для сына легкой доли...
1 702 1
a Смеляков
b Я.
4 520
1 2001
a Сын и дочь
464 Аналитический уровень _0
1 036
t Вся в шрамах траншей под Орлом высота...
1 702 1
a Полухин
b Ю.
4 520
1 2001
a Огонь на себя!
e баллада
464 Аналитический уровень _0
1 036
t Опять балтийский ветер резкий...
1 702 1
a Шумилин
b В.
4 520
1 2001
a При артобстреле
464 Аналитический уровень _0
1 036
t Не надо об Отчизне громких фраз...
1 702 1
a Трякин
b В.
4 520
1 2001
a Негромкая песня
464 Аналитический уровень _0
1 702 1
a Нефедов
b Е.
4 520
1 2001
a Время героев
464 Аналитический уровень _0
1 036
t Читая книги о войне...
1 702 1
a Дубровин
b Б.
4 520
1 2001
a Сегодня мы в ответе
464 Аналитический уровень _0
1 036
t Встал наш город родной...
1 702 1
a Татаринов
b В.
4 520
1 2001
a Мы - твои коммунисты, столица!
464 Аналитический уровень _0
1 036
t Бьет в утес девятый вал...
1 702 1
a Татаринов
b В.
4 520
1 2001
a Сделай выбор!
464 Аналитический уровень _0
1 702 1
a Татаринов
b В.
4 520
1 2001
a Горячие точки планеты
464 Аналитический уровень _0
1 702 1
a Татаринов
b В.
4 520
1 2001
a Сколько зим, сколько лет!
464 Аналитический уровень _0
1 036
t Туман седые лапы распростер...
1 702 1
a Татаринов
b В.
4 520
1 2001
a Живопись
464 Аналитический уровень _0
1 036
t Есть в памяти моей...
1 702 1
a Татаринов
b В.
4 520
1 2001
a Наш первый день
464 Аналитический уровень _0
1 036
t В полночной тишине...
1 702 1
a Татаринов
b В.
4 520
1 2001
a Открой окно!
464 Аналитический уровень _0
1 036
t Это было, как вчера...
1 702 1
a Татаринов
b В.
4 520
1 2001
a Раз, два, три, четыре, пять...
464 Аналитический уровень _0
1 036
t Плывут, плывут навстречу лица...
1 702 1
a Татаринов
b В.
4 520
1 2001
a Рассвет на улице моей
464 Аналитический уровень _0
1 036
t В мире просторном, где путей так много...
1 702 1
a Татаринов
b В.
4 520
1 2001
a Здравствуй, товарищ Берлин!
464 Аналитический уровень _0
1 036
t Я столько ручьев безымянных знавал...
1 702 1
a Машбаш
b И.
4 520
1 702 1
a Творогова
b В.
4 730
1 2001
a Безымянные ручьи
464 Аналитический уровень _0
1 036
t Только три минуты длится песня!..
1 702 1
a Танич
b М.
4 520
1 2001
a Только три минуты
464 Аналитический уровень _0
1 036
t Товарищи, давайте запоем...
1 702 1
a Дюков
b В.
4 520
1 2001
a Давайте запоём...
464 Аналитический уровень _0
1 702 1
a Ибряев
b К.
4 520
1 2001
a Говори мне добрые слова
464 Аналитический уровень _0
1 036
t Куст сирени отсырел...
1 702 1
a Олев
b Н.
4 520
1 2001
a Наводнение
464 Аналитический уровень _0
1 036
t Чуть слышен вечерний шум на улочках окраин...
1 702 1
a Дидуров
b А.
4 520
1 2001
a Старая пластинка
464 Аналитический уровень _0
1 036
t Я не пела вчера...
1 702 1
a Ашальчи
b О.
4 520
1 2001
a Письмо первое
1 50010
a Два письма
464 Аналитический уровень _0
1 036
t Новогодней полночью седою...
1 702 1
a Гамзатов
b Р.
4 520
1 702 1
a Козловский
b Я.
4 730
1 2001
a С Новым годом
464 Аналитический уровень _0
1 036
t В Сибирь и на Восток...
1 702 1
a Градов
b П.
4 520
1 2001
a Стук колес
464 Аналитический уровень _0
1 036
t В светлом Улан-Баторе и у дальних скал...
1 702 1
a Градов
b П.
4 520
1 2001
a Найрамдал
464 Аналитический уровень _0
1 036
t Земля людей - такая разная!..
1 702 1
a Олев
b Н.
4 520
1 2001
a Вступая в новый век
464 Аналитический уровень _0
1 036
t Смородину брала я...
1 702 1
a Ашальчи
b О.
4 520
1 2001
a Письмо второе
1 50010
a Два письма
606 Тематические рубрики 0_
a Основная рубрика Песни советских композиторов
610 Ключевые слова 0_
a Ключевые слова Песни советских композиторов; Флярковский А. Г.
686 Индексы других классификаций __
a Классификационный индекс 85.94-42(2)я44
2 Код системы rubbk
700 Автор _1
a Фамилия Флярковский
b Имя (инициалы) А. Г.
g Полное личное имя Александр Георгиевич
f Даты 1931-2014
801 Источник записи _0
a Страна RU
b Организация Ульяновская ОНБ
c Дата составления 20251217
g Правила каталогизации RCR
801 Источник записи _1
a Страна RU
b Организация Ульяновская ОНБ
c Дата составления 20251217
g Правила каталогизации RCR
901 Тип документа __
t Тип документа m
909 Создатель записи __
a Создатель записи Грязнова И. Е.
b Дата создания записи 20251217